Social security and public policy / (Record no. 42394)
[ view plain ]
| 000 -LEADER | |
|---|---|
| fixed length control field | 00857nam a22002652 4500 |
| 001 - CONTROL NUMBER | |
| control field | 42394 |
| 003 - CONTROL NUMBER IDENTIFIER | |
| rucl marc code | (BD-RJUL) |
| 005 - DATE AND TIME OF LATEST TRANSACTION | |
| control field | 20211209053533.0 |
| 008 - FIXED-LENGTH DATA ELEMENTS--GENERAL INFORMATION | |
| fixed length control field | 160612s1956 us 000 0 eng d |
| 035 ## - SYSTEM CONTROL NUMBER | |
| System control number | BD-RjUL42512 |
| 040 ## - CATALOGING SOURCE | |
| Original cataloging agency | BD-RjUL |
| Language of cataloging | eng |
| Transcribing agency | BD-RjUL |
| 041 ## - LANGUAGE CODE | |
| Language code of text/sound track or separate title | eng |
| 082 ## - DEWEY DECIMAL CLASSIFICATION NUMBER | |
| Edition number | 23 |
| Classification number | 361.6 |
| Author mark and year | BUS 1956 |
| 100 1# - MAIN ENTRY--PERSONAL NAME | |
| Personal name | Burns, Eveline M. |
| Fuller form of name | (Eveline Mabel), |
| Dates associated with a name | 1900-1985 |
| 9 (RLIN) | 130396 |
| 245 10 - TITLE STATEMENT | |
| Title | Social security and public policy / |
| Statement of responsibility, etc. | Eveline M. Burns |
| 260 ## - PUBLICATION, DISTRIBUTION, ETC. (IMPRINT) | |
| Place of publication, distribution, etc. | New York : |
| Name of publisher, distributor, etc. | McGraw-Hill, |
| Date of publication, distribution, etc. | 1956 |
| 300 ## - PHYSICAL DESCRIPTION | |
| Pagination | xvi, 291 p ; |
| Size | 24 cm |
| 490 1# - SERIES STATEMENT | |
| Series statement | Economics handbook series (McGraw-Hill Book Company) |
| 650 #0 - SUBJECT ADDED ENTRY--TOPICAL TERM | |
| Topical term or geographic name as entry element | Public welfare |
| 9 (RLIN) | 118508 |
| Topical term or geographic name as entry element | Social security |
| 9 (RLIN) | 130397 |
| Topical term or geographic name as entry element | Social security |
| Geographic subdivision | United States |
| 9 (RLIN) | 130398 |
| 830 #0 - SERIES ADDED ENTRY--UNIFORM TITLE | |
| Uniform title | Economics handbook series (McGraw-Hill Book Company) |
| 942 ## - ADDED ENTRY ELEMENTS (KOHA) | |
| Source of classification or shelving scheme | Dewey Decimal Classification |
| Koha item type | Books |
| Lost status | Source of classification or shelving scheme | Damaged status | Not for loan | Collection code | Permanent Location | Current Location | Shelving location | Date acquired | Source of acquisition | Cost, normal purchase price | Total Checkouts | Full call number | Date last seen | Copy number | Koha item type |
|---|---|---|---|---|---|---|---|---|---|---|---|---|---|---|---|
| Dewey Decimal Classification | Non-fiction | Central Library, University of Rajshahi | Central Library, University of Rajshahi | 18/10/1962 | Swets zeitlinger | 50.00 | 361.6 BUS 1956 | 12/06/2016 | C-2 | Books | |||||
| Dewey Decimal Classification | Non-fiction | Central Library, University of Rajshahi | Central Library, University of Rajshahi | 22/07/1959 | Mcgrawhill | 5.31 | 361.6 BUS 1956 | 13/08/2016 | C-3 | Books | |||||
| Dewey Decimal Classification | Non-fiction | Central Library, University of Rajshahi | Central Library, University of Rajshahi | 22/07/1959 | Mcgrawhill | 5.31 | 361.6 BUS 1956 | 13/08/2016 | C-4 | Books |